000 01745nam1a2200373 i 4500
001 RU\NLR\bibl\1343490
005 20260405093549.0
010 _a5-02-034457-5
035 _a(NLR Aleph) 001328638
090 _a786076
_c786076
100 _a20090319g20079999k y0rusy50 ca
101 0 _arus
102 _aRU
105 _a||||z |||||
200 1 _aСобрание научных трудов
_dCollection of scientific works
_eв 12 т.
_fНиколай Николаевич Боголюбов
_gредкол.: А. Д. Суханов - отв. ред. [и др.
_gРос. акад. наук]
_zeng
210 _aМосква
_cНаука
_d2007
215 _d22
225 1 _aКлассики науки
_eредкол.: А. Ф. Андреев (пред.) и др.
300 _aАвт. также на англ. яз.: Nikolai Nikolaevich Bogoliubov
327 1 _aКвантовая теория
463 0 _10011214529
463 0 _10011292354
463 0 _10011361174
510 1 _6z48790
_aCollection of scientific works
_zrus
606 1 _aКвантовая теория
_92116058
_3RU\NLR\auth\661278347
686 _aВ314я44
700 1 _4070
_7ca
_8rus
_aБоголюбов
_bН. Н.
_cд-р физ.-мат. наук
_f1909-1992
_gНиколай Николаевич
_9123769
_3RU\NLR\AUTH\7714091
702 1 _4340
_8rus
_7ca
_aСуханов
_bА. Д.
_cд-р физ.-мат. наук
_f1936-
_gАлександр Дмитриевич
_3RU\NLR\auth\7734469
_917472
790 1 _4070
_7ba
_8rus
_aBogoljubov
_bN. N.
_cд-р физ.-мат. наук
_f1909-1992
_gNikolaj Nikolaevič
_917467
_3RU\NLR\auth\7734464
801 0 _aRU
_bNLR
_c20090319
_gRCR
801 1 _aRU
_bNLR
_c20090319
852 _aNLR
_j2005-5/10439
942 _cBOOK